00286nam a2200121Ia 4500008004100000041000900041082001400050100001800064245003000082260003600112300000800148650000800156230718s9999 xx 000 0 und d aEng. a80bMAH-P aMahmood Zahid 0aPunjab civil service laws aPakistanbNadeem book lawc2012 a339 aLaw